| 000 | 00428nam a2200193Ia 4500 | ||
|---|---|---|---|
| 001 | 13011 | ||
| 003 | GE_BSU | ||
| 008 | 181216s||||||||xx |||||||||||||| ||und|| | ||
| 040 | _cGE_BSU | ||
| 080 | _a821.111-3 | ||
| 100 | _aConnelly,Michael. | ||
| 245 | 2 | _aA darkness more than night. | |
| 260 | _aLondon. | ||
| 260 | _bBCA. | ||
| 260 | _c2001 | ||
| 300 | _a418p;20cm. | ||
| 653 | _aA darkness more than night. | ||
| 942 | _cBK | ||
| 999 |
_c46179 _d46179 |
||